| Tag |
First Indicator |
Second Indicator |
Subfields |
| LEADER |
00000cam a2200000 a 4500 |
| 001 |
in00001002575 |
| 005 |
20150927190740.0 |
| 008 |
900214s1990 oruab b 00110 eng |
| 010 |
|
|
|a 90032178
|
| 020 |
|
|
|a 0870713639 (pbk. : alk. paper)
|
| 020 |
|
|
|a 0870713620 (alk. paper)
|
| 035 |
|
|
|a (OCoLC)21196787
|
| 035 |
|
|
|9 AFA0051AM
|
| 040 |
|
|
|a DLC
|c DLC
|d TXA
|d UtOrBLW
|
| 043 |
|
|
|a n-usp--
|
| 049 |
|
|
|a TXAM
|
| 050 |
0 |
0 |
|a F597
|b .W75 1990
|
| 082 |
0 |
0 |
|a 979.6/82
|2 20
|
| 100 |
1 |
|
|a Wilfong, Cheryl.
|
| 245 |
1 |
0 |
|a Following the Nez Perce Trail :
|b a guide to the Nee-Me-Poo National Historic Trail with eyewitness accounts /
|c Cheryl Wilfong.
|
| 264 |
|
1 |
|a [Corvallis, Or.] :
|b Oregon State University Press,
|c [1990]
|
| 264 |
|
4 |
|c ©1990
|
| 300 |
|
|
|a xiv, 370 pages :
|b illustrations, maps ;
|c 28 cm.
|
| 336 |
|
|
|a text
|b txt
|2 rdacontent
|
| 337 |
|
|
|a unmediated
|b n
|2 rdamedia
|
| 338 |
|
|
|a volume
|b nc
|2 rdacarrier
|
| 504 |
|
|
|a Includes bibliographical references (pages 349-354) and index.
|
| 651 |
|
0 |
|a Nez Perce National Historical Trail
|x Guidebooks.
|
| 651 |
|
0 |
|a Nez Perce Indian Buffalo Trail
|x History.
|
| 650 |
|
0 |
|a Automobile travel
|z Nez Perce National Historical Trail
|x Guidebooks.
|
| 999 |
|
|
|a MARS
|
| 999 |
f |
f |
|s 42ec6872-4de7-3374-88c9-89fa407a6127
|i 5dd2ecec-e29e-3b01-83ef-0f31c79e1e1f
|t 0
|
| 952 |
f |
f |
|p ric
|a Texas A&M University
|b Rellis Campus
|c Joint Library Facility
|d Remote Storage
|t 0
|e F597 .W75 1990
|h Library of Congress classification
|i unmediated -- volume
|m A14814745871
|
| 998 |
f |
f |
|a F597 .W75 1990
|t 0
|l Remote Storage
|